Loading...
| Current Events | 1 | 10.00 | 100% | 0% | 0% |
| Fine Arts - Auditory Fine Arts | 3 | 10.00 | 67% | 33% | 0% |
| Fine Arts - Other Fine Arts | 6 | 15.00 | 83% | 50% | 17% |
| Fine Arts - Visual Fine Arts | 7 | 17.14 | 100% | 57% | 14% |
| Geography | 2 | 25.00 | 100% | 100% | 50% |
| History - American History | 6 | 18.33 | 100% | 67% | 17% |
| History - European History | 4 | 22.50 | 100% | 75% | 50% |
| History - Other History | 7 | 12.86 | 100% | 29% | 0% |
| History - World History | 4 | 20.00 | 100% | 100% | 0% |
| Literature - American Literature | 5 | 14.00 | 100% | 40% | 0% |
| Literature - British Literature | 6 | 13.33 | 100% | 33% | 0% |
| Literature - European Literature | 3 | 20.00 | 100% | 100% | 0% |
| Literature - World Literature | 6 | 16.67 | 100% | 67% | 0% |
| Mythology | 6 | 20.00 | 100% | 83% | 17% |
| Other Academic | 1 | 30.00 | 100% | 100% | 100% |
| Philosophy | 2 | 20.00 | 100% | 100% | 0% |
| Pop Culture | 1 | 30.00 | 100% | 100% | 100% |
| Religion | 4 | 20.00 | 100% | 75% | 25% |
| Science - Biology | 7 | 8.57 | 57% | 29% | 0% |
| Science - Chemistry | 4 | 12.50 | 100% | 25% | 0% |
| Science - Other Science | 5 | 24.00 | 100% | 80% | 60% |
| Science - Physics | 4 | 15.00 | 100% | 50% | 0% |
| Social Science | 4 | 15.00 | 100% | 25% | 25% |